Представление документа в формате MARC21

Поле Инд. ПП Название Значение
Тип записи a
Библиографический уровень b
001 Контрольный номер RU/IS/BASE/106844896
005 Дата корректировки 20200522190741.3
084 a Индекс другой классификации/Индекс ББК 60.542.15(2Рос36)-425
100 1_ a Автор Сунгатуллина Г. А.
245 a Заглавие Ценностные ориентации и мотивационная сфера подростков и молодежи, приобретающих опыт социально значимой деятельности
504 a Библиография Библиогр. ссылки
520 a Аннотация Результаты социологического исследования подростков и молодежи Уральского региона, занимающихся волонтерской деятельностью в сфере пропаганды здорового образа жизни с целью профилактики асоциального поведения
650 a Основная рубрика социология
a Основная рубрика социология групп
653 a Ключевые слова здоровый образ жизни
a Ключевые слова молодежь
a Ключевые слова мотивационная сфера молодежи
a Ключевые слова подростки
a Ключевые слова регионы России
a Ключевые слова Россия
a Ключевые слова социальная активность
a Ключевые слова социально-демографические группы
a Ключевые слова Уральский регион
a Ключевые слова ценностные ориентации
773 t Заглавие источника Вестник Московского университета. Серия 18, Социология и политология
d Дата издания источника 2002
g Прочая информация № 3. - С. 158 - 163
w Контрольный № источника RU/IS/BASE/148577983
901 t Тип документа b